000 00642nam a2200229Ia 4500
003 OSt
005 20220918184408.0
006 a|||||r|||| 00| 0
007 ta
008 220917b |||||||| |||| 00| 0 eng d
024 _a46,388
037 _cTextual
040 _aARTS
_cARTS
_beng
041 _2eng
_aeng
082 _aQ31:21112, 151L5
100 _aPunyavijaya Ed.
_962006
245 0 _aSuyagadangasutta with Niryu comm by Bhadrabahu and Curni
260 _aAhmedabad
_bParkrit Text Socio
_c1975
650 _aRELIGION
942 _hQ31:21112, 151L5
_cTEXL
_2CC
999 _c176386
_d176386